000 00300nam a2200121 i 4500
001 bg
245 0 _aProblemy fiziki elementarnych castic i atomnogo jadra.
_nVyp. 2.
_nT. 2.
260 _aMoskwa,
_c1971.
040 _cBPK
041 _apol
942 _cKS
008 s pl f |000 0 pol
999 _c14342
_d14342
856 _uhttp://koha.tu.koszalin.pl/cgi-bin/koha/opac-detail.pl?biblionumber=14342
_yKatalog online BPK